| 000 | 00758nam a22001937a 4500 | ||
|---|---|---|---|
| 999 |
_c18048 _d18048 |
||
| 003 | AR-CdUCM | ||
| 008 | 190511b ||||| |||| 00| 0 spa d | ||
| 040 |
_aMUNICIPALIDAD PROVINCIAL DEL CUSCO _cBIBLIOTECA MUNICIPAL DEL CUSCO |
||
| 082 |
_a346.6 / _bT73 |
||
| 100 |
_aTorres Vásquez, Aníbal _938398 |
||
| 245 | _aEl contrato de suministro en el derecho civil y el derecho administrativo / | ||
| 260 |
_aLima : _bCultural Cuzco, _c1988. |
||
| 300 |
_a406 páginas ; _c21 cm. |
||
| 505 | _aContenido: El contrato de suministro de derecho privado -- El contrato de suministro en el derecho administrativo, | ||
| 650 |
_aSuministro (Derecho civil) _938399 |
||
| 650 |
_aSuministro (Derecho civil) _938399 |
||
| 942 |
_2ddc _cLIBROS |
||
| 945 |
_aacv _d2019-05-11 |
||